“…So that only the memory of anger remains…” An autoethnographic analysis of the loss and mourning of addicted parents /

Growing up in a family with addiction can have an impact at many points not only on childhood but also on adulthood. A child who grows up in a dysfunctional family could experience a grieving process from childhood, of which two layers can be distinguished—the grief associated with the loss of child...

Teljes leírás

Elmentve itt :
Bibliográfiai részletek
Szerzők: Békési Tímea
Kassai Szilvia
Dokumentumtípus: Cikk
Megjelent: 2025
Sorozat:DEATH STUDIES: COUNSELING RESEARCH EDUCATION CARE ETHICS 49 No. 5
Tárgyszavak:
doi:10.1080/07481187.2024.2330008

mtmt:34751103
Online Access:http://publicatio.bibl.u-szeged.hu/38861
LEADER 01902nab a2200229 i 4500
001 publ38861
005 20260127102949.0
008 260127s2025 hu o 000 eng d
022 |a 0748-1187 
024 7 |a 10.1080/07481187.2024.2330008  |2 doi 
024 7 |a 34751103  |2 mtmt 
040 |a SZTE Publicatio Repozitórium  |b hun 
041 |a eng 
100 1 |a Békési Tímea 
245 1 0 |a “…So that only the memory of anger remains…”  |h [elektronikus dokumentum] :  |b An autoethnographic analysis of the loss and mourning of addicted parents /  |c  Békési Tímea 
260 |c 2025 
300 |a 525-534 
490 0 |a DEATH STUDIES: COUNSELING RESEARCH EDUCATION CARE ETHICS  |v 49 No. 5 
520 3 |a Growing up in a family with addiction can have an impact at many points not only on childhood but also on adulthood. A child who grows up in a dysfunctional family could experience a grieving process from childhood, of which two layers can be distinguished—the grief associated with the loss of childhood and the loss of the idealized parent. The grieving process becomes complicated when the parent dies; this is the third layer of grief. Through the first author’s auto ethnographic account, we will show characteristics of a complicated grieving process that an adult child may experience after the loss of a parent. The analysis reveals a specific pattern of grieving following the deaths of parents who have struggled with addiction, with general findings and probably significant individual differences. The pattern appears to be the least marked in the mourning of parents, with considerable grief and self-work required both before and after the parent’s death. 
650 4 |a Pszichológia 
700 0 1 |a Kassai Szilvia  |e aut 
856 4 0 |u http://publicatio.bibl.u-szeged.hu/38861/1/SothatonlythememoryofangerremainsAnautoethnographicanalysisofthelossandmourningofaddictedparents.pdf  |z Dokumentum-elérés